| 000 | 00565nam a2200157Ia 4500 | ||
|---|---|---|---|
| 008 | 170221s9999 xx 000 0 und d | ||
| 100 | _aJesús Segura Cabañero | ||
| 245 | _aFurtive Temporalities in the Contemporary Visual Image: The Case Studies of Stan Douglas, Doug Aitken and Mark Lewis | ||
| 245 | _cJesús Segura Cabañero, Toni Simó Mulet | ||
| 260 | _bStudies in Media and Communication | ||
| 260 | _c2013 | ||
| 300 | _aXI : 2 | ||
| 650 | _xCommunication | ||
| 650 | _xMedia Arts | ||
| 856 | _uhttp://redfame.com/journal/index.php/smc/issue/view/42 | ||
| 999 |
_c308929 _d308929 |
||